| 000 | 00535nam a2200181Ia 4500 | ||
|---|---|---|---|
| 003 | GCL | ||
| 008 | 140319s9999 xx 000 0 ara d | ||
| 040 |
_aGCL / _cGCL |
||
| 082 | 0 | 4 |
_aق _b962.04 _bم ح |
| 100 | 1 | _aمحمد امين حسونة | |
| 245 | 1 | 0 |
_aالحملة الاستعمارية البريطانية على مصر سنة 1882 / _cمحمد امين حسونة |
| 300 | _a242 ص | ||
| 490 | _a | ||
| 650 | 0 | 4 | _aمصر |
| 650 | 0 | 4 | _aالتاريخ |
| 650 | 0 | 4 | _aالاستعمار البريطانى |
| 942 |
_2ddc _cBK |
||
| 999 |
_c45957 _d45957 |
||